Państwa Europy, które się nie kończą na literę A - Statystyki

Ogólne statystyki
  • Ten quiz został rozwiązany 74 razy
  • Średni wynik to 7 z 10
Statystyki odpowiedzi
% Poprawnych
Y Niemcy
83%
Y Czechy
78%
G Luksemburg
72%
O San Marino
70%
Y Włochy
70%
O Kosowo
68%
Y Węgry
67%
N Liechtenstein
63%
N Watykan
62%
O Monako
60%
Nie znaleziono quizów pasujących do podanych kryteriów
Rozkład punktacji
Procent ludzi z każdym wynikiem
Percentyl według liczby udzielonych odpowiedzi
Twoja historia wyników
Nie rozwiązałeś tego quizu